000 00321nam a2200133Ia 4500
005 20251222155042.0
008 251222s9999||||xx |||||||||||||| ||spa||
082 _aEMI.28
100 _aJOHINS HOPKINS
245 0 _aAtención primaria del recién nacido
250 _a2da. ed.
264 _bHarcourt Brace
942 _cLIB
999 _c36956
_d36956